书目信息 |
| 题名: |
夏商西周散文传播研究
|
|
| 作者: | 王浩 著 | |
| 分册: | ||
| 出版信息: | 北京 人民出版社 2020.09 |
|
| 页数: | 306页 | |
| 开本: | 23cm | |
| 丛书名: | 西北师范大学世纪中文学人文丛 | |
| 单 册: | ||
| 中图分类: | I207.62 | |
| 科图分类: | ||
| 主题词: | 古典散文--古典文学研究--中国--三代时期 | |
| 电子资源: | ||
| ISBN: | 978-7-01-021890-8 | |
| 000 | 01241oam2 2200265 450 | |
| 001 | 0102100410 | |
| 005 | 20210402100818.0 | |
| 010 | @a978-7-01-021890-8@dCNY56.00 | |
| 100 | @a20201202d2020 kemy0chiy50 ea | |
| 101 | 0 | @achi |
| 102 | @aCN@b110000 | |
| 105 | @ay v 000yy | |
| 106 | @ar | |
| 200 | 1 | @a夏商西周散文传播研究@Axia shang xi zhou san wen chuan bo yan jiu@e基于先秦文献的考察@f王浩著 |
| 210 | @a北京@c人民出版社@d2020.09 | |
| 215 | @a306页@d23cm | |
| 225 | 2 | @a西北师范大学世纪中文学人文丛 |
| 300 | @a甘肃省社科规划项目“先秦两汉伊尹故事生成与演变研究”甘肃省高等学校科研项目“西周文献搜集整理活动与经典生成研究”西北师范大学重点项目阶段性成果 | |
| 330 | @a本书以夏商西周的散文文献为研究对象,从传播角度切入,对三代散文的生成与流传进行讨论。主要探讨三代散文的传播主体、承载媒介、传播方式的特征及其对散文内容和形式的影响,论析三代礼俗仪式、政治制度以及西周的文献编纂活动与散文传播之间的关系,力图揭示三代散文生成和传播的具体情形,深化对早期散文生成、形态、功能、传播等问题的认识。 | |
| 461 | 0 | @12001 @a西北师范大学世纪中文学人文丛 |
| 606 | 0 | @a古典散文@x古典文学研究@y中国@z三代时期 |
| 690 | @aI207.62@v5 | |
| 701 | 0 | @a王浩@Awang hao@4著 |
| 801 | 0 | @aCN@bBJSZM@c20210402 |
| 905 | @b1274310-4@dI207.62@e1004@f5 | |
| 夏商西周散文传播研究:基于先秦文献的考察/王浩著.-北京:人民出版社,2020.09 |
| 306页;23cm.-(西北师范大学世纪中文学人文丛) |
| 甘肃省社科规划项目“先秦两汉伊尹故事生成与演变研究”甘肃省高等学校科研项目“西周文献搜集整理活动与经典生成研究”西北师范大学重点项目阶段性成果 |
| ISBN 978-7-01-021890-8:CNY56.00 |
| 本书以夏商西周的散文文献为研究对象,从传播角度切入,对三代散文的生成与流传进行讨论。主要探讨三代散文的传播主体、承载媒介、传播方式的特征及其对散文内容和形式的影响,论析三代礼俗仪式、政治制度以及西周的文献编纂活动与散文传播之间的关系,力图揭示三代散文生成和传播的具体情形,深化对早期散文生成、形态、功能、传播等问题的认识。 |
| ● |
| 相关链接 |
|
|
|
|
正题名:夏商西周散文传播研究
索取号:I207.62/1004
 
预约/预借
| 序号 | 登录号 | 条形码 | 馆藏地/架位号 | 状态 | 备注 |
| 1 | 1274310 | 212743101 | 第一样本阅览室/ [索取号:I207.62/1004] | 在馆 | |
| 2 | 1274311 | 212743110 | 教育系资料室/ [索取号:I207.62/1004] | 在馆 | |
| 3 | 1274312 | 212743129 | 教育系资料室/ [索取号:I207.62/1004] | 在馆 | |
| 4 | 1274313 | 212743138 | 第二借阅区/ [索取号:I207.62/1004] | 在馆 | |
| 5 | 1274314 | 212743147 | 第二借阅区/ [索取号:I207.62/1004] | 在馆 |